10 most devasting bombing camapaigns of WWII - Statistics

General Stats
  • This quiz has been taken 222 times
  • The average score is 5 of 10
Answer Stats
Hint Answer % Correct
A divided city at the ned of the war - 20,000 to 50,000 estimated Berlin
93%
The blitz - 20,000 dead London
92%
7th Biggest City In Germany - 25,000 dead Dresden
89%
Largest City In The Pacific Campaign - 100,000+ dead Tokyo
88%
German North Sea Port - 42,600 dead Hamburg
82%
Japanese city industrial - 10,000 dead Osaka
41%
German city in the region of Hesse - 10,000 dead Kassel
8%
British Target was the Merck chemical factory in this German city - 12,300 dead Darmstadt
6%
German city famous for precision jewels and watchmaking in 1944 - 21,200 dead Pforzheim
3%
Polish Sea Port Suffered Allied Bombing - 5000 to 23,000 dead estimated Swinoujscie
0%
No matching quizzes found
Score Distribution
Percent of People with Each Score
Percentile by Number Answered
Your Score History
You have not taken this quiz